000 00448nam a22001817a 4500
003 MPLRDC
005 20220104194226.0
008 210129b ||||| |||| 00| 0 eng d
020 _a978-986-173-864-2
082 _a548.6 LYL
100 _aD. P. LYLE
245 _a法医.尸体.解剖室
_c蔡承志 译
250 _a初版22刷
260 _a台湾
_b麦田出版
_c2014
300 _b
650 _a侦探
942 _cBK
_o548.6 LYL
999 _c65573
_d65563